Macroeconomics : (Record no. 334)
[ view plain ]
| 000 -LEADER | |
|---|---|
| fixed length control field | 00722nam a22002292 4500 |
| 001 - CONTROL NUMBER | |
| control field | 0000001336 |
| 005 - DATE AND TIME OF LATEST TRANSACTION | |
| control field | 20151021151052.0 |
| 008 - FIXED-LENGTH DATA ELEMENTS--GENERAL INFORMATION | |
| fixed length control field | 070305s xx 000 0 eng d |
| 020 ## - INTERNATIONAL STANDARD BOOK NUMBER | |
| International Standard Book Number | 007016536X : |
| Terms of availability | KES 1,150 |
| 040 ## - CATALOGING SOURCE | |
| Original cataloging agency | KABU |
| Transcribing agency | KABU |
| 050 #0 - LIBRARY OF CONGRESS CALL NUMBER | |
| Classification number | HB172.5 |
| Item number | .D47 1985 |
| 100 1# - MAIN ENTRY--PERSONAL NAME | |
| Personal name | Dernburg, Thomas F. |
| -- | 0000159872 |
| 245 10 - TITLE STATEMENT | |
| Title | Macroeconomics : |
| Remainder of title | concepts, theories, and policies / |
| Statement of responsibility, etc. | Thomas F. Dernburg. |
| 250 ## - EDITION STATEMENT | |
| Edition statement | 7th ed. |
| 260 ## - PUBLICATION, DISTRIBUTION, ETC. (IMPRINT) | |
| Place of publication, distribution, etc. | New York : |
| Name of publisher, distributor, etc. | McGraw-Hill, |
| Date of publication, distribution, etc. | 1985. |
| 300 ## - PHYSICAL DESCRIPTION | |
| Extent | xii, 490 p. ; |
| Dimensions | 21 cm. |
| 650 #0 - SUBJECT ADDED ENTRY--TOPICAL TERM | |
| Topical term or geographic name as entry element | Macroeconomics. |
| -- | 0000149933 |
| 650 #0 - SUBJECT ADDED ENTRY--TOPICAL TERM | |
| Topical term or geographic name as entry element | National income |
| General subdivision | Accounting. |
| -- | 0000159873 |
| 908 ## - PUT COMMAND PARAMETER (RLIN) | |
| Put command parameter | 070305 |
| 950 ## - LOCAL HOLDINGS (RLIN) | |
| -- | 1 |
| Withdrawn status | Lost status | Source of classification or shelving scheme | Not for loan | Home library | Current library | Date acquired | Total Checkouts | Total Renewals | Full call number | Barcode | Date last seen | Date last checked out | Price effective from | Koha item type | Checked out |
|---|---|---|---|---|---|---|---|---|---|---|---|---|---|---|---|
| Library of Congress Classification | Kabarak, Main Campus | Kabarak, Main Campus | 17/12/2015 | 26 | 4 | HB172.5 .D47 1985 | 001100 | 10/02/2025 | 10/02/2025 | 17/12/2015 | General Collection | 12/03/2025 | |||
| Library of Congress Classification | Kabarak, Main Campus | Kabarak, Main Campus | 17/12/2015 | 19 | 2 | HB172.5 .D47 1985 | 001101 | 02/08/2024 | 03/07/2023 | 17/12/2015 | General Collection | ||||
| Library of Congress Classification | Kabarak, Nakuru City Campus | Kabarak, Nakuru City Campus | 21/10/2015 | 19 | 1 | HB172.5 .D47 1985 c. 1 | 34569 | 07/11/2022 | 01/11/2022 | 21/10/2015 | General Collection |